| Tag |
First Indicator |
Second Indicator |
Subfields |
| LEADER |
00000cam a2200000Ia 4500 |
| 001 |
in00000021217 |
| 005 |
20151007061017.0 |
| 008 |
790920t19611941enkaf 001 0 eng d |
| 015 |
|
|
|a GB61-15413
|
| 029 |
1 |
|
|a UKM
|b b6115413
|
| 035 |
|
|
|a (OCoLC)ocm05391849
|
| 035 |
|
|
|a (OCoLC)05391849
|
| 035 |
|
|
|9 AAD0830AM
|
| 040 |
|
|
|a CLE
|c CLE
|d OCL
|d UKM
|d TXA
|d UtOrBLW
|
| 043 |
|
|
|a e------
|
| 049 |
|
|
|a TXAM
|
| 090 |
|
|
|a ND450
|b .N47 1961
|
| 092 |
|
|
|a 709.4
|b 684
|
| 092 |
|
|
|a 709.4
|b N482c
|
| 100 |
1 |
|
|a Newton, Eric,
|d 1893-1965.
|
| 245 |
1 |
0 |
|a European painting and sculpture /
|c Eric Newton.
|
| 246 |
1 |
8 |
|a European painting & sculpture
|
| 250 |
|
|
|a [4th ed.].
|
| 264 |
|
1 |
|a London :
|b Cassell,
|c 1961
|
| 264 |
|
4 |
|c ©1941
|
| 300 |
|
|
|a xvi, 245 pages, 32 unnumbered pages of plates :
|b illustrations ;
|c 21 cm.
|
| 336 |
|
|
|a text
|b txt
|2 rdacontent
|
| 337 |
|
|
|a unmediated
|b n
|2 rdamedia
|
| 338 |
|
|
|a volume
|b nc
|2 rdacarrier
|
| 490 |
1 |
|
|a The Belle sauvage library
|
| 500 |
|
|
|a Originally published in 1941 by Penguin.
|
| 500 |
|
|
|a Imprint covered by label: New York, Barnes & Noble.
|
| 500 |
|
|
|a Includes index and appendices.
|
| 650 |
|
0 |
|a Painting
|z Europe
|x History.
|
| 650 |
|
0 |
|a Sculpture
|z Europe
|x History.
|
| 830 |
|
0 |
|a Belle sauvage library.
|
| 949 |
|
|
|a updated
|b h
|c 2004/2/26
|e fpiscitelli
|f 11:52:11 am
|
| 994 |
|
|
|a E0
|b TXA
|
| 999 |
|
|
|a MARS
|
| 999 |
f |
f |
|s ff20665c-274a-321c-b582-cec7af0522e8
|i 127d10fc-3cf8-305a-9b4d-092f99927edb
|t 0
|
| 952 |
f |
f |
|p ric
|a Texas A&M University
|b Rellis Campus
|c Joint Library Facility
|d Remote Storage
|t 0
|e ND450 .N47 1961
|h Library of Congress classification
|i unmediated -- volume
|m A14801158837
|
| 998 |
f |
f |
|a ND450 .N47 1961
|t 0
|l Remote Storage
|